Does the Institutional Type Matter?: Slovak Higher Education on Its Way to Diversity

Na minha lista:
Detalhes bibliográficos
Autor principal: Čaplánová, Anetta, 1967-
Formato: Capítulo de Livro
Idioma:inglês
Tags: Adicionar Tag
Sem tags, seja o primeiro a adicionar uma tag!

MARC

LEADER 00000naa$a2200000$$$4500
001 0112614
005 20240502083259.7
041 0 |a eng 
044 |a NL 
245 1 0 |a Does the Institutional Type Matter?: Slovak Higher Education on Its Way to Diversity  |c Anetta Čaplánová 
100 1 |a Čaplánová, Anetta, 1967-